Geography Quiz

Random Geography or Blitz Quiz
Score 0/15 Timer 00:15
5 Plays Today
% Correct
Tokyo
73.3%
Bangkok
68.8%
Seoul
68.5%
Kuala Lumpur
66.5%
Singapore
65.9%
Jakarta
64.2%
Manila
59.8%
Hanoi
58.9%
% Correct
Tehran
58.7%
Taipei
58.1%
Abu Dhabi
58%
Ulaanbaatar
53.5%
Damascus
51.9%
Baku
47.4%
Tashkent
46.1%
Remove Ads.
Support Sporcle.
Get the best of Sporcle when you Go Orange. This ad-free experience offers more features, more stats, and more fun while also helping to support Sporcle. Thank you for becoming a member.

You're not logged in!

Compare scores with friends on all Sporcle quizzes.
OR
Log In

Show Comments

Extras

Top Quizzes Today


Score Distribution

Your Account Isn't Verified!

In order to create a playlist on Sporcle, you need to verify the email address you used during registration. Go to your Sporcle Settings to finish the process.

Report this User

Report this user for behavior that violates our Community Guidelines.

Details: